Film Anagrams - Statistics

General Stats
  • This quiz has been taken 10 times
  • The average score is 8 of 20
Answer Stats
Hint Answer % Correct
Joker
78%
Rival a light moron Arrival
56%
Moonlight
56%
Knock blank gas alarm Argo
44%
Felt a brisk dunk Belfast
44%
Hold a coma worship Coda
44%
Dunkirk
44%
I am rhino jerker Her
44%
I'm innocent! And a plod! Inception
44%
Minari
44%
Revenant
44%
Room
44%
Whiplash
44%
Try! Invent a grave! Gravity
33%
Novel Clinic Lincoln
33%
Almost a night trip Martian
33%
Nomadland
33%
Vice
33%
Blackkklansman
22%
Spotlight
22%
No matching quizzes found
Score Distribution
Percent of People with Each Score
Percentile by Number Answered
Your Score History
You have not taken this quiz